000 06883cam a22019934i 4500
003 PE-LiUPU
005 20250813165307.0
008 150716s2009 sp a rb 001 0 spa d
020 _a9788436823387
035 _a(Sirsi) i9788436823387
040 _aPE-LiUPU
_bspa
_cPE-LiUPU
_erda
041 1 _aspa
_heng
049 _aPRUA
082 0 4 _a658.15967
_bP78 2009
100 1 _aPorter, Michael E.,
_eautor.
245 1 0 _aEstrategia competitiva :
_btécnicas para el análisis de la empresa y sus competidores /
_cMichael E. Porter ; prólogo Eduardo Bueno Campos ; traducción de María Elena Rosas Sánchez.
264 1 _aMadrid :
_bEdiciones Pirámide,
_c2009.
300 _a455 páginas :
_bilustraciones ;
_c24 centímetros
336 _atext
_2rdacontent
337 _aunmediated
_2rdamedia
338 _avolume
_2rdacarrier
504 _aBibliografía : páginas 439-442.
504 _aÍndice alfabético : páginas 443-455.
505 0 _aEl análisis estructural de las industrias -- Estrategias competitivas genéricas -- Un modelo de análisis de la competencia -- Señales del mercado -- Acciones y tácticas competitivas -- Estrategia dirigida a clientes y proveedores -- Analísis estructural dentro de la industria -- Evolución del sector industrial -- La estrategia competitiva en las industrias fragmentadas -- La estrategia competitiva en las industrias emergentes -- La transición a la madurez de una industria -- Estrategias competitivas en las industrias en declive -- Competencia en las industrias globales -- El análisis estratégico de la entegración vertical -- Aumento de la capacidad -- Entrada en nuevas industrias.
526 _aP203
526 _aP200
526 _aSEG65
526 _aSEG64
526 _aSEG63
526 _aSEG62
526 _aSEG61
526 _aSEG60
526 _aSEG59
526 _aSEG58
526 _aSEG57
526 _aSEG56
526 _aSEG55
526 _aSEG54
526 _aSEG53
526 _aSEG52
526 _aSEG51
526 _aSEG50
526 _aSEG49
526 _aSEG48
526 _aSEG47
526 _aSEG46
526 _aSEG24
526 _aSEG23
526 _aSEG22
526 _aSEG21
526 _aSEG20
526 _aSEG19
526 _aSEG18
526 _aSEG17
526 _aSEG16
526 _aSEG14
526 _aSEG13
526 _aSEG12
526 _aSEG11
526 _aSEG10
526 _aSEG09
526 _aSEG06
526 _aSEG05
526 _aSEG04
526 _aSEG03
526 _aSEG02
526 _aSEG68
526 _aSEG66
526 _aSEG45
526 _aSEG25
526 _aSEG01
526 _aP163
526 _aP162
526 _aP161
526 _aP160
526 _aP159
526 _aP158
526 _aP157
526 _aP156
526 _aP155
526 _aP154
526 _aP153
526 _aP152
526 _aP151
526 _aP150
526 _aP149
526 _aP142
526 _aP141
526 _aP140
526 _aP139
526 _aP138
526 _aP137
526 _aP132
526 _aP131
526 _aP130
526 _aP126
526 _aP125
526 _aP124
526 _aP123
526 _aP115
526 _aP122
526 _aP121
526 _aP116
526 _a P114
526 _aP112
526 _aP111
526 _aP104
526 _aP103
526 _aP102
526 _aP101
526 _aP100
526 _aP96
526 _aP95
526 _aP93
526 _aP92
526 _aP91
526 _aP88
526 _aP83
526 _aP82
526 _aP79
526 _aP78
526 _aP75
526 _aP74
526 _aP71
526 _aP69
526 _a P51
526 _aP49
526 _aP48
526 _aP47
526 _aP33
526 _aP31
526 _a P30
526 _aP29
526 _aP27
526 _aP26
526 _aP25
526 _aP24
526 _a P22
526 _aP10
526 _aP09
526 _a P08
526 _aP06
526 _aP05
526 _aP04
526 _aP01
534 _pTítulo original :
_tCompetitive strategy. Techniques for analyzing industries and competiiors.
541 _g001-0039189;
_g001-0039189;
650 4 _aAdministración industrial.
_94985
650 4 _aCompetencia económica.
_91067
650 4 _aOrganización industrial.
700 1 _aBueno Campos, Eduardo,
_eprólogo.
700 1 _aRosas Sanchez, Maria Elena,
_etraductor.
910 _aaas
_bjck
_caas
_d20150716
942 _2ddc
_cBOOK
949 _a658.15967 P78 2009
_wDEWEY
_c1
_i71648
_d2016-2-2
_e2016-1-25
_lCCODEBUL1
_mBUL
_n1
_p48.02
_r0
_sY
_tBOOK
_u2015-7-16
_xFCE
_0COMPRA
_o.STAFF. Colección General
949 _a658.15967 P78 2009
_wDEWEY
_c2
_i71649
_lCCODEBUL1
_mBUL
_p48.02
_r0
_sY
_tBOOK
_u2015-7-16
_xFCE
_0COMPRA
_o.STAFF. Colección General
949 _a658.15967 P78 2009
_wDEWEY
_c3
_i71650
_lCCODEBUL1
_mBUL
_p48.02
_r0
_sY
_tBOOK
_u2015-7-16
_xFCE
_0COMPRA
_o.STAFF. Colección General
949 _a658.15967 P78 2009
_wDEWEY
_c4
_i71651
_lCCODEBUL1
_mBUL
_p48.02
_r0
_sY
_tBOOK
_u2015-7-16
_xFCE
_0COMPRA
_o.STAFF. Colección General
949 _a658.15967 P78 2009
_wDEWEY
_c5
_i71652
_d2016-8-24
_e2016-8-24
_lCCODEBUL1
_mBUL
_n1
_p48.02
_r0
_sY
_tBOOK
_u2015-7-16
_xFCE
_0COMPRA
_o.STAFF. Colección General
949 _a658.15967 P78 2009
_wDEWEY
_c6
_i71653
_d2016-8-24
_e2016-8-24
_lCCODEBUL1
_mBUL
_n1
_p48.02
_r0
_sY
_tBOOK
_u2015-7-16
_xFCE
_0COMPRA
_o.STAFF. Colección General
994 _aC0
_bPEPRU
596 _a1
999 _a658.15967 P78 2009
_wDEWEY
_c5919
_i71648
_d5919
_e2016-1-25
_f2021-11-8
_g6
_lCCODEBUL1
_mBUL
_n1
_p48.02
_r0
_sY
_tBOOK
_u2015-7-16
_xFCE
_PP04
_0COMPRA
_o.STAFF. Colección General
999 _a658.15967 P78 2009
_wDEWEY
_c2
_i71649
_f2021-11-8
_g6
_lCCODEBUL1
_mBUL
_p48.02
_r0
_sY
_tBOOK
_u2015-7-16
_xFCE
_PP04
_0COMPRA
_o.STAFF. Colección General
999 _a658.15967 P78 2009
_wDEWEY
_c3
_i71650
_d2018-10-19
_e2018-10-19
_f2021-11-8
_g6
_lCCODEBUL1
_mBUL
_n2
_p48.02
_r0
_sY
_tBOOK
_u2015-7-16
_xFCE
_PP04
_0COMPRA
_o.STAFF. Colección General
999 _a658.15967 P78 2009
_wDEWEY
_c4
_i71651
_d2018-11-18
_f2021-11-8
_g6
_lCCODEBUL1
_mBUL
_p48.02
_q1
_r0
_sY
_tBOOK
_u2015-7-16
_xFCE
_PP04
_0COMPRA
_o.STAFF. Colección General
999 _a658.15967 P78 2009
_wDEWEY
_c5
_i71652
_d2016-8-24
_e2016-8-24
_f2021-11-8
_g6
_lCCODEBUL1
_mBUL
_n1
_p48.02
_r0
_sY
_tBOOK
_u2015-7-16
_xFCE
_PP04
_0COMPRA
_o.STAFF. Colección General
999 _a658.15967 P78 2009
_wDEWEY
_c6
_i71653
_d2018-10-26
_e2018-10-22
_f2021-11-8
_g6
_lCCODEBUL1
_mBUL
_n7
_p48.02
_r0
_sY
_tBOOK
_u2015-7-16
_xFCE
_PP04
_0COMPRA
_o.STAFF. Colección General
980 _81
_gALBERTO SANCHEZ Responsable de Automatización